Word Ladder: Riverdale Actors Quiz Stats

 Plays Quiz Updated Sep 24, 2018

Score 0/23 Timer 04:00
1 Play Today
Clue 4-Letter Word % Correct
⋆ _____ Sprouse
who plays Jughead Jones ⋆
⋆ COLE ⋆
87.3%
Truth or _____?DARE
85.7%
⋆ _____ Reinhart
who plays Betty Cooper ⋆
⋆ LILI ⋆
79.4%
⋆ _____ Consuelos
who plays Hiram Lodge ⋆
⋆ MARK ⋆
74.5%
⋆ _____ Perry
who plays Fred Andrews ⋆
⋆ LUKE ⋆
71.7%
The center of the EarthCORE
70.7%
ChillyCOLD
69.2%
Large bell-shaped flower LILY
68.9%
Lacking lightDARK
68.5%
Fungus that grows on rotting foodMOLD
65.6%
Not spicyMILD
64.1%
⋆ Casey _____
who plays Kevin Keller ⋆
⋆ COTT ⋆
63.5%
Clue 4-Letter Word % Correct
Treat for one's birthdayCAKE
63%
Show concern forCARE
60.6%
PriceCOST
58.5%
The people that act in a movie or TV showCAST
57.8%
Job for a detectiveCASE
52.7%
Minnesota NHL teamWILD
50.9%
Superior, Huron, or Victoria, e.g.LAKE
49.9%
Crafty or slyWILY
47.7%
A trading placeMART
47.5%
'Death' in FrenchMORT
46.9%
_____ the HoopleMOTT
31.7%

Today's Daily Dose

Missing Word
Celine Dion

Word Ladder
Dr. Seuss Books

Quick Pick
Cities in India

Get the Picture
'A' Actresses

You're not logged in!

Compare scores with friends on all Sporcle quizzes.
OR
Log In

Sporcle TV

Today on Sporcle TV


Watch our educational content, quiz creation guides, and fun videos on Sporcle TV.

Show Comments

Extras

Top Quizzes Today


Score Distribution

Your Account Isn't Verified!

In order to create a playlist on Sporcle, you need to verify the email address you used during registration. Go to your Sporcle Settings to finish the process.

Report this User

Report this user for behavior that violates our Community Guidelines.

Details: